000
00297nam a22001337a 4500
008
260211b ||||| |||| 00| 0 eng d
020
_a
9789606931017
041
_a
ital
080
_a
001
100
_a
20
101
_a
ital
245
_a
Dino Buzati
_c
Maria Angela Cernigliaro
942
_2
lcc
_c
BK
999
_c
60772
_d
60772